Physico chemical examination of water sewage and industrial effluents (Record no. 18228)

MARC details
000 -LEADER
fixed length control field 00583nam a2200229Ia 4500
001 - CONTROL NUMBER
control field 121698
003 - CONTROL NUMBER IDENTIFIER
control field YMCAF
005 - DATE AND TIME OF LATEST TRANSACTION
control field 20230512163949.0
008 - FIXED-LENGTH DATA ELEMENTS--GENERAL INFORMATION
fixed length control field 221212s2022 ||||||||||||||||| ||und|d
020 ## - INTERNATIONAL STANDARD BOOK NUMBER
International Standard Book Number 9789390949151
024 ## - OTHER STANDARD IDENTIFIER
Standard number or code 121698
035 ## - SYSTEM CONTROL NUMBER
System control number 53358
040 ## - CATALOGING SOURCE
Original cataloging agency YMCAF
Language of cataloging eng
Transcribing agency IN-KoLT
041 ## - LANGUAGE CODE
Language code of text/sound track or separate title eng
082 ## - DEWEY DECIMAL CLASSIFICATION NUMBER
Classification number 628.161
Item number MAN
100 ## - MAIN ENTRY--PERSONAL NAME
Personal name Manivasakam, N.
245 #0 - TITLE STATEMENT
Title Physico chemical examination of water sewage and industrial effluents
260 ## - PUBLICATION, DISTRIBUTION, ETC.
Place of publication, distribution, etc. Meerut
Name of publisher, distributor, etc. Pragati Prakshan
Date of publication, distribution, etc. 2022
300 ## - PHYSICAL DESCRIPTION
Extent 247p.
653 ## - INDEX TERM--UNCONTROLLED
Uncontrolled term Environmental studies
942 ## - ADDED ENTRY ELEMENTS (KOHA)
Source of classification or shelving scheme Dewey Decimal Classification
Koha item type Books
Holdings
Withdrawn status Lost status Damaged status Not for loan Home library Current library Date acquired Total Checkouts Barcode Date last seen Price effective from Koha item type Public note
      Not For Loan JC Bose University of Science & Technology JC Bose University of Science & Technology 12/12/2022   53358 12/05/2023 12/05/2023 Books R